000 00692nam a2200193Ia 4500
003 OSt
005 20251209093632.0
008 210210b2010 xxu||||| |||| 00| 0 eng d
040 _cAL
041 _aKonkani
082 _a891.468 REGM
100 _aGladis Rego
_999948
_dಗ್ಲೇಡಿಸ್ ರೇಗೊ
245 _aMonjati suknim jivdali krimi: konkni gadincho hando 2
_b: ಮೊನ್ಝಾತಿ ಸುಕ್ಣಿಂ ಜಿವ್ದಾಳಿ ಕ್ರಿಮಿ : ಕೊಂಕ್ಣಿ ಗಾದಿಂಚೊ ಹಾಂಡೊ 2
260 _aMangluru
_bAkash Prakashan
_c2010
300 _a104p
690 _aKonkani Miscellaneous
_999949
906 _a069629
942 _2ddc
_cBK
999 _c119243
_d119243